000 00413nam a22001697a 4500
003 NUST - PNEC
005 20170116181002.0
008 150912b xxu||||| |||| 00| 0 eng d
020 _a8120324935
040 _cLIBRARY
082 _a621.382 NII
100 _99591
_aNIIT
245 _aBasic of wireless communications
_cNIIT
260 _cc.2004
650 _99589
_aMS Communication
_xMSCom
942 _2ddc
_cBK
999 _c66756
_d66756